Giáo trình tôn giáo học
Một số vấn đề lý luận chung về tôn giáo, đạo Phật, đạo Kitô, đạo I-xlam và một số tín ngưỡng và tôn giáo dân tộc ở Việt Nam. Tư tưởng Hồ Chí Minh và đường lối chủ trương của Đảng, chính sách của nhà nước về tôn giáo
Gardado en:
| Autor Principal: | |
|---|---|
| Outros autores: | |
| Formato: | Libro |
| Idioma: | Vietnamese |
| Publicado: |
H.
Đại học Sư phạm
2005
|
| Những chủ đề: | |
| Các nhãn: |
Engadir etiqueta
Sen Etiquetas, Sexa o primeiro en etiquetar este rexistro!
|
| Thư viện lưu trữ: | Mạng thư viện Đại học Đà Nẵng |
|---|
| LEADER | 01472nam a2200373 4500 | ||
|---|---|---|---|
| 001 | 000006059 | ||
| 003 | 2213 | ||
| 005 | 20120814160852.0 | ||
| 008 | 110830s2005 viesd | ||
| 020 | |c 28000đ | ||
| 041 | 0 | |a vie | |
| 082 | |a 200.71 |b TR-S | ||
| 100 | 0 | |a Trần Đăng Sinh | |
| 245 | 0 | |a Giáo trình tôn giáo học |c Trần Đăng Sinh, Đào Đức Doãn | |
| 260 | |a H. |b Đại học Sư phạm |c 2005 | ||
| 300 | |a 281 tr |c 21 cm | ||
| 504 | |a Thư mục: tr. 277-281 | ||
| 520 | |a Một số vấn đề lý luận chung về tôn giáo, đạo Phật, đạo Kitô, đạo I-xlam và một số tín ngưỡng và tôn giáo dân tộc ở Việt Nam. Tư tưởng Hồ Chí Minh và đường lối chủ trương của Đảng, chính sách của nhà nước về tôn giáo | ||
| 653 | |a Tôn giáo học | ||
| 653 | |a Tín ngưỡng | ||
| 653 | |a Lí luận | ||
| 653 | |a Giáo trình | ||
| 700 | |a Đào Đức Doãn |e Tác giả | ||
| 910 | |a Nguyễn Thị Kim Oanh |d 30/08/2011 | ||
| OWN | |a LSP | ||
| AVA | |a UDN50 |b LSP |d 200.71 TR-S |e check_holdings |t Error 5003 Not defined in file expand_doc_bib_avail. |h N |k 1 | ||
| 999 | |a From the UDN01 | ||
| AVA | |a UDN50 |b LSP |d 200.71 TR-S |e available |t Error 5001 Not defined in file expand_doc_bib_avail. |f 71 |g 8 |h N |i 23 |k 1 | ||
| TYP | |a Monograph | ||
| TYP | |a Printed language | ||
| 980 | |a Mạng thư viện Đại học Đà Nẵng | ||